El tiempo de las tribus: el ocaso del individualismo en las sociedades posmodernas

Gardado en:
Detalles Bibliográficos
Autor Principal: Maffesoli, Michel (autor)
Formato: Libro
Idioma:Lingua castelá
Publicado: Cuernavaca Siglo Veintiuno 2004
Edición:1a. ed
Subjects:
Tags: Engadir etiqueta
Sen Etiquetas, Sexa o primeiro en etiquetar este rexistro!

MARC

LEADER 00000cam a2200000 a 4500
001 UCH2295
003 CL-VaPUC
008 090604e20040000MX |||||||||||||||||spa|d
020 |a 9682325293 
082 0 4 |a 303.4  |b MAF  |2 21 
100 |a Maffesoli, Michel  |e autor  |9 590826 
245 1 3 |a El tiempo de las tribus: el ocaso del individualismo en las sociedades posmodernas 
250 |a 1a. ed 
300 |a 283 p 
942 |c BK 
945 |d 20090604 00:00:00  |a dcastane 
260 |a Cuernavaca  |b Siglo Veintiuno  |c 2004 
650 0 |a Cambio social   |9 256857 
650 7 |a SOCIABILIZACION  |2 CL-VaPUC  |9 470554 
650 0 |a Desarrollo cultural  |9 267526 
650 0 |a Sociología   |9 255410 
650 0 |a Sociedad de masas  |9 268060 
583 |a last modification  |c 20150505 01:31:14  |k Rodrigo Vera 
999 |c 334078  |d 334076 
952 |0 0  |1 0  |3 erb  |4 0  |6 303_400000000000000_MAF_2004  |7 0  |8 A  |9 422874  |a BIBCUR  |b BIBCUR  |i 5062748  |o 303.4 MAF 2004  |p 5062748  |r 2025-04-22  |w 2019-11-22  |y BK  |z Catalogado en:20140324  |k PER 
952 |0 0  |1 0  |3 erb  |4 0  |6 303_400000000000000_MAF_2004  |7 0  |8 A  |9 422875  |a BIBCUR  |b BIBCUR  |i 5062756  |o 303.4 MAF 2004  |p 5062756  |r 2025-04-22  |w 2019-11-22  |y BK  |z Catalogado en:20140324  |k PER